| Tag |
First Indicator |
Second Indicator |
Subfields |
| LEADER |
00000cam a2200000 4500 |
| 001 |
in00000097253 |
| 005 |
20150925114619.0 |
| 008 |
800402s1966 enkaf b f00010 eng d |
| 010 |
|
|
|a 66075050
|
| 015 |
|
|
|a B66-14430
|
| 035 |
|
|
|a (OCoLC)06157431
|
| 035 |
|
|
|9 AAL2708AM
|
| 040 |
|
|
|a TXA
|c TXA
|d UtOrBLW
|
| 049 |
|
|
|a TXAM
|c [1201459]
|
| 090 |
|
|
|a TL507
|b .G77 no. 826
|
| 100 |
1 |
|
|a Neale, M. C.
|
| 245 |
1 |
0 |
|a Further tests with a variable ramp intake having a design Mach number of 2.2 /
|c by M. C. Neale and P. S. Lamb.
|
| 264 |
|
1 |
|a London :
|b H.M.S.O.,
|c 1966.
|
| 300 |
|
|
|a 8 pages :
|b 10 plates (including diagrams)
|
| 336 |
|
|
|a text
|b txt
|2 rdacontent
|
| 337 |
|
|
|a unmediated
|b n
|2 rdamedia
|
| 338 |
|
|
|a volume
|b nc
|2 rdacarrier
|
| 490 |
1 |
|
|a Great Britain. Aeronautical Research Council. Current papers ;
|v no. 826
|
| 500 |
|
|
|a Cover title.
|
| 504 |
|
|
|a Bibliography: page 8.
|
| 650 |
|
0 |
|a Supersonic diffusers.
|
| 700 |
1 |
|
|a Lamb, P. S.
|
| 830 |
|
0 |
|a Current papers (Aeronautical Research Council (Great Britain)) ;
|v no. 826.
|
| 999 |
|
|
|a MARS
|
| 999 |
f |
f |
|s df745be4-1500-3d75-9812-373e4bf3ba74
|i d54da410-259a-34ad-821b-14ec80507a4b
|t 0
|
| 952 |
f |
f |
|p ric
|a Texas A&M University
|b Rellis Campus
|c Joint Library Facility
|d Remote Storage
|t 0
|e TL507 .G77 no. 826
|h Library of Congress classification
|i unmediated -- volume
|m A14805531736
|
| 998 |
f |
f |
|a TL507 .G77 no. 826
|t 0
|l Remote Storage
|